000 00341nam a22001337a 4500
005 20250721175148.0
008 250721b |||||||| |||| 00| 0 eng d
050 _aBS2775
_bLOV
100 _aLOVETT C. S.
245 _aLOVETT'S LIGHTS ON HEBREWS
260 _aCALIFORNIA
_bPERSONAL CHRISTIANITY
_cc1978
300 _a349p
942 _2lcc
_cBK
_n0
999 _c7079
_d7079